000 01200nam a2200325 a 4500
001 000114044
003 CHAP
005 20220329144424.0
008 171023s2017 mx sm |||||||spa d
010 _a110505
011 _a111477
040 _cCHAP
090 _aTesis
100 1 _aSalinas López, Oscar Omar
_9133882
245 1 0 _aEvaluación de la eficiencia de la planta de tratamiento de aguas residuales de la UACH
_h[En línea]
_cpor Oscar Omar Salinas López.
260 _aChapingo, Méx. :
_bEl autor,
_c2017.
500 _aPara ver el contenido del material haga clic en la liga
502 _aTesis (Ing. en Recursos Naturales Renovables) -- UACH. Departamento de suelos
590 _aE6339RRR
_b05
_c20171023
_lUCH01
_h1356
590 _aE6339RRR
_b05
_c20171023
_lUCH01
_h1357
590 _aE6339RRR
_b05
_c20171023
_lUCH01
_h1358
650 1 4 _aAguas residuales para irrigación.
_92591
650 1 4 _aAguas residuales
_xAnálisis
_92584
650 1 4 _aAguas residuales
_xCalidad.
_9133883
650 1 4 _aAguas residuales
_xModelos matemáticos
_92587
856 _aFinding aid
_uhttp://10.13.5.2/tesis/sist114044.pdf
_zTeclea aquí
901 _aBK
942 _cTESIS
942 _n0
999 _c110505
_d110505